banner-ar

ALEXANDER CALNDER 1898- 1976 / (Record no. 4720)

MARC details
000 -الفاتح
حقل البيانات ثابتة الطول 00598nam a2200205Ia 4500
008 - عناصر البيانات ثابتة الطول - معلومات عامة
حقل البيانات ثابتة الطول 140319s9999 xx 000 0 eng d
020 ## - الرقم الدولى المعيارى للكتب
الرقم الدولى المعيارى للكتاب 0894682288
040 ## - مصدر الفهرسة
وكالة الفهرسة الأصلية GCL /
وكالة النسخ GCL
082 04 - رقم تصنيف ديوى العشرى
رقم التصنيف 730.92
رقم المادة P A
100 1# - المدخل الرئيسى - إسم شخصى
الإسم الشخصى ROWER, ALEXANDER S.C
245 10 - بيان العنوان
العنوان ALEXANDER CALNDER 1898- 1976 /
بيان المسئوليه,etc ROWER, ALEXANDER S.C
700 1# - المدخل الاضافى - اسم شخصى
الإسم الشخصى PRATHER, MARLA
260 ## - PUBLICATION, DISTRIBUTION, ETC. (IMPRINT)
تاريخ النشر أو التوزيع 1998
300 ## - الوصف المادى
التعداد 367 P
تفاصيل ماديه اخرى للوعاء ILL. ؛
أبعاد الوعاء 28 cm.
650 04 - المدخل الاضافى بالموضوع-مصطلح موضوعى
مصطلح موضوعي MODERN ART
650 04 - المدخل الاضافى بالموضوع-مصطلح موضوعى
مصطلح موضوعي CALDER, ALEXANDER
650 04 - المدخل الاضافى بالموضوع-مصطلح موضوعى
مصطلح موضوعي CALDER, ALEXANDER, 1898 - 1976 - EXHIBITIONS
942 ## - عناصر المدخل الإضافي( كوها)
مصدر التصنيف او مخطط الترفيف Dewey Decimal Classification
Koha [default] item type كتاب
260 ## - PUBLICATION, DISTRIBUTION, ETC. (IMPRINT)
-- نيويورك :
-- NATIONAL GALLERY OF ART ،
Holdings
حالة التراجع حالة الفقد حالة تلف ليس للاعارة المكان المؤقت الموقع الحالى تاريخ الاكتساب اجمالي اﻻعارات رقم الطلب الباركود تاريخ اخر مشاهدة تاريخ تفعيل السعر نوع وعاء كوها
        مكتبة القاهرة الكبرى مكتبة القاهرة الكبرى 03/26/2014   730.92\P A 10631 03/26/2014 03/26/2014 كتاب
        مكتبة القاهرة الكبرى مكتبة القاهرة الكبرى 03/26/2014   730.92\P A 10632 03/26/2014 03/26/2014 كتاب
        مكتبة القاهرة الكبرى مكتبة القاهرة الكبرى 03/26/2014   730.92\P A 10633 03/26/2014 03/26/2014 كتاب
        مكتبة القاهرة الكبرى مكتبة القاهرة الكبرى 03/26/2014   730.92\P A 10634 03/26/2014 03/26/2014 كتاب
        مكتبة القاهرة الكبرى مكتبة القاهرة الكبرى 03/26/2014   730.92\P A 10635 03/26/2014 03/26/2014 كتاب

Powered By

EGPV